JJBA : Eyes Of Heaven All Stands - Statistics

General Stats
  • This quiz has been taken 120 times
  • The average score is 30 of 49
Answer Stats
Hint Answer % Correct
SC Star Platinum
94%
SC The World
93%
DiU Crazy Diamond
88%
SC Silver Chariot
85%
DiU The Hand
85%
DiU Killer Queen
80%
SC Hermit Purple
78%
SC Magician's Red
78%
GW Sticky Fingers
78%
SO Stone Free
78%
JJL Soft and Wet
75%
SO Made In Heaven
74%
GW Gold Experience
72%
GW Aerosmith
70%
SC Hierophant Green
70%
GW King Crimson
70%
SBR D4C
69%
SBR Tusk Act 4
69%
SO C-Moon
67%
GW Sex Pistols
67%
GW Purple Haze
66%
EoH The World Over Heaven
65%
SO Whitesnake
65%
DiU Heaven's Door
64%
SBR Tusk Act 1
63%
SBR Tusk Act 2
63%
SBR Tusk Act 3
63%
SO Kiss
62%
DiU Echoes Act 3
61%
GW Spice Girl
61%
SO Weather Report
59%
SBR Ball Breaker
58%
SC Cream
57%
SC The Fool
57%
DiU Echoes Act 2
56%
DiU Echoes Act 1
55%
SBR Scary Monsters
55%
GW Gold Experience Requiem
53%
SO Diver Down
52%
DiU Harvest
48%
DiU Killer Queen(Bites the Dust)
44%
DiU Love Deluxe
43%
DiU Red Hot Chili Peppers
40%
SC Emperor
39%
SC Bastet
38%
SC Geb
36%
SC Horus
33%
JJL Nut King Call
33%
SBR The World Alternate Universe
17%
No matching quizzes found
Score Distribution
Percent of People with Each Score
Percentile by Number Answered
Your Score History
You have not taken this quiz